ARRUPE JESUIT UNIVERSITY

CORONAVIRUS -STOP THE SPREAD - CLEAN,DISINFECT,COVER

The image of man (Record no. 45453)

MARC details
000 -LEADER
fixed length control field 00604nam a2200217Ia 4500
003 - CONTROL NUMBER IDENTIFIER
control field 0100
005 - DATE AND TIME OF LATEST TRANSACTION
control field 20150526173844.0
008 - FIXED-LENGTH DATA ELEMENTS--GENERAL INFORMATION
fixed length control field 130303s9999 xx 000 0 und d
040 ## - CATALOGING SOURCE
Transcribing agency ARRUPELIB
050 ## - LIBRARY OF CONGRESS CALL NUMBER
Classification number BD431.B24 1947
300 ## - PHYSICAL DESCRIPTION
Other physical details 23 cm.
100 ## - MAIN ENTRY--PERSONAL NAME
Personal name Baker, Herschel
9 (RLIN) 17933
245 #4 - TITLE STATEMENT
Title The image of man
245 ## - TITLE STATEMENT
Remainder of title a study of the idea of human dignity in classical antiqity, the middle ages and
260 ## - PUBLICATION, DISTRIBUTION, ETC. (IMPRINT)
Place of publication, distribution, etc New York
260 ## - PUBLICATION, DISTRIBUTION, ETC. (IMPRINT)
Name of publisher, distributor, etc Harper Brothers
300 ## - PHYSICAL DESCRIPTION
Extent 365p.
500 ## - GENERAL NOTE
General note Published originally as The Dignity of man
650 ## - SUBJECT ADDED ENTRY--TOPICAL TERM
Topical term or geographic name as entry element Man
9 (RLIN) 17934
942 ## - ADDED ENTRY ELEMENTS (KOHA)
Source of classification or shelving scheme Library of Congress Classification
Koha item type Monograph ( Printed materials)
Holdings
Withdrawn status Lost status Source of classification or shelving scheme Damaged status Not for loan Collection code Home library Current library Date acquired Total Checkouts Full call number Barcode Date last seen Copy number Price effective from Koha item type Date checked out
    Library of Congress Classification     Main Collection ARRUPE LIBRARY ARRUPE LIBRARY 04/03/2013   BD431.B24 1947 46003091824 02/09/2016 1 04/03/2013 Monograph ( Printed materials)  
    Library of Congress Classification     Main Collection ARRUPE LIBRARY ARRUPE LIBRARY 04/03/2013 1 BD431.B24 1947 46500002406 22/09/2022 2 04/03/2013 Monograph ( Printed materials) 09/09/2022

 

Arrupe Library. PO Box MP320 Mt Pleasant, Harare, Zimbabwe
263 242 745411|librarian@aju.ac.zw